<?xml version="1.0" encoding="UTF-8"?>
<record
    xmlns:xsi="http://www.w3.org/2001/XMLSchema-instance"
    xsi:schemaLocation="http://www.loc.gov/MARC21/slim http://www.loc.gov/standards/marcxml/schema/MARC21slim.xsd"
    xmlns="http://www.loc.gov/MARC21/slim">

  <leader>00762nam a2200205Ia 4500</leader>
  <controlfield tag="001">64477</controlfield>
  <controlfield tag="003">OSt</controlfield>
  <controlfield tag="005">20150617101222.0</controlfield>
  <controlfield tag="008">150204s9999    xx            000 0 und d</controlfield>
  <datafield tag="020" ind1=" " ind2=" ">
    <subfield code="a">9789698455675</subfield>
  </datafield>
  <datafield tag="040" ind1=" " ind2=" ">
    <subfield code="c">PK-LaUMT</subfield>
  </datafield>
  <datafield tag="082" ind1=" " ind2=" ">
    <subfield code="a"> 956.94</subfield>
    <subfield code="b">MIZ-I</subfield>
  </datafield>
  <datafield tag="100" ind1=" " ind2=" ">
    <subfield code="a">Mizonski, Norton(&#x645;&#x6CC;&#x632;&#x648;&#x646;&#x633;&#x6A9;&#x6CC;&#x60C; &#x646;&#x627;&#x631;&#x679;&#x646;)</subfield>
  </datafield>
  <datafield tag="245" ind1=" " ind2=" ">
    <subfield code="a">Israel mein yahoodi bunjadparasti (Urdu)(&#x627;&#x633;&#x631;&#x627;&#x626;&#x6CC;&#x644; &#x645;&#x6CC;&#x6BA; &#x6CC;&#x6C1;&#x648;&#x62F;&#x6CC; &#x646;&#x628;&#x6CC;&#x627;&#x62F; &#x67E;&#x631;&#x633;&#x62A;&#x6CC;)</subfield>
    <subfield code="c">Mizonski, Norton|Ahsan Butt, Muhammad(&#x645;&#x6CC;&#x632;&#x648;&#x646;&#x633;&#x6A9;&#x6CC; &#x60C; &#x646;&#x627;&#x631;&#x679;&#x646;[ &#x627;&#x62D;&#x633;&#x627;&#x646; &#x628;&#x679;&#x60C; &#x645;&#x62D;&#x645;&#x62F;)</subfield>
  </datafield>
  <datafield tag="260" ind1=" " ind2=" ">
    <subfield code="a">Lahore,Pakistan:(&#x644;&#x627;&#x6C1;&#x648;&#x631;&#x60C; &#x67E;&#x627;&#x6A9;&#x633;&#x62A;&#x627;&#x646; )</subfield>
    <subfield code="b">Jumhoori Publications,(&#x62C;&#x645;&#x6C1;&#x648;&#x631;&#x6CC; &#x67E;&#x628;&#x644;&#x6CC;&#x6A9;&#x6CC;&#x634;&#x646;&#x632;)</subfield>
    <subfield code="c">2010</subfield>
  </datafield>
  <datafield tag="300" ind1=" " ind2=" ">
    <subfield code="a">184 p.</subfield>
  </datafield>
  <datafield tag="546" ind1=" " ind2=" ">
    <subfield code="a">UR</subfield>
  </datafield>
  <datafield tag="700" ind1=" " ind2=" ">
    <subfield code="a">Ahsan Butt, Muhammad</subfield>
  </datafield>
  <datafield tag="942" ind1=" " ind2=" ">
    <subfield code="c">BK</subfield>
    <subfield code="2">ddc</subfield>
  </datafield>
  <datafield tag="999" ind1=" " ind2=" ">
    <subfield code="c">65623</subfield>
    <subfield code="d">65623</subfield>
  </datafield>
  <datafield tag="952" ind1=" " ind2=" ">
    <subfield code="0">0</subfield>
    <subfield code="1">0</subfield>
    <subfield code="4">0</subfield>
    <subfield code="7">0</subfield>
    <subfield code="a">01</subfield>
    <subfield code="b">01</subfield>
    <subfield code="d">2015-02-04</subfield>
    <subfield code="l">1</subfield>
    <subfield code="o"> 956.94 MIZ-I</subfield>
    <subfield code="p">88809</subfield>
    <subfield code="r">2017-11-09 00:00:00</subfield>
    <subfield code="s">2017-11-09</subfield>
    <subfield code="w">2015-02-04</subfield>
    <subfield code="y">BK</subfield>
  </datafield>
</record>
